<?xml version="1.0" encoding="UTF-8"?>
<record
    xmlns:xsi="http://www.w3.org/2001/XMLSchema-instance"
    xsi:schemaLocation="http://www.loc.gov/MARC21/slim http://www.loc.gov/standards/marcxml/schema/MARC21slim.xsd"
    xmlns="http://www.loc.gov/MARC21/slim">

  <leader>02367nam a2200265 a 4500</leader>
  <controlfield tag="003">Biblioteca Akishino</controlfield>
  <controlfield tag="005">20260526193458.0</controlfield>
  <controlfield tag="008">      s2025    ag ||||| |||| 00| 1 spa d</controlfield>
  <datafield tag="020" ind1=" " ind2=" ">
    <subfield code="a">9788419168665</subfield>
  </datafield>
  <datafield tag="040" ind1=" " ind2=" ">
    <subfield code="a">Biblioteca Su Alteza Imperial Pr&#xED;ncipe Akishino</subfield>
    <subfield code="e">AACR2</subfield>
  </datafield>
  <datafield tag="041" ind1="1" ind2=" ">
    <subfield code="a">spa</subfield>
    <subfield code="h">jpn</subfield>
  </datafield>
  <datafield tag="082" ind1="0" ind2=" ">
    <subfield code="a">895.635</subfield>
    <subfield code="b">SH555.E 2025</subfield>
  </datafield>
  <datafield tag="100" ind1="1" ind2=" ">
    <subfield code="a">Shibaki, Yoshiko,</subfield>
    <subfield code="d">1914-1991</subfield>
    <subfield code="9">1639</subfield>
  </datafield>
  <datafield tag="240" ind1="1" ind2="0">
    <subfield code="a">Susaki Paradise.</subfield>
    <subfield code="l">Espa&#xF1;ol</subfield>
  </datafield>
  <datafield tag="245" ind1="1" ind2="0">
    <subfield code="a">Susaki Paradise /</subfield>
    <subfield code="c">Yoshiko Shibaki; traducci&#xF3;n de Yoko Ogihara y Fernando Cordob&#xE9;s.</subfield>
  </datafield>
  <datafield tag="250" ind1=" " ind2=" ">
    <subfield code="a">1a ed.</subfield>
  </datafield>
  <datafield tag="260" ind1=" " ind2=" ">
    <subfield code="a">Argentina :</subfield>
    <subfield code="b">Gallo Nero,</subfield>
    <subfield code="c">2025.</subfield>
  </datafield>
  <datafield tag="520" ind1="0" ind2=" ">
    <subfield code="a">&#xAB;Pasado el puente, en la entrada del barrio del placer, se levantaba un arco que sustitu&#xED;a a la gran puerta que presidi&#xF3; el lugar en tiempos remotos. All&#xED; se ilumin&#xF3; un ne&#xF3;n en el cual se le&#xED;a: Susaki Paradise. La calle principal al otro lado se extend&#xED;a en l&#xED;nea recta hasta que quedaba cortada por un dique. En la parte derecha se encontraba el primer barrio de Benten y, a la izquierda, el segundo. En conjunto, era un peque&#xF1;o mundo rodeado de agua distinto a todo lo dem&#xE1;s.&#xBB;
Publicado en 1955, Susaki Paradise re&#xFA;ne seis historias interconectadas que giran en torno a la decadente taberna Chigusa y su propietaria, Tokuko, y que combinan el lirismo con un mundo salvaje.
Shibaki retrata con un realismo desalmado a estas trabajadoras del sexo que viven en los m&#xE1;rgenes de la sociedad. Lo que une a las mujeres de estas historias es la urgencia inquebrantable con la que viven sus vidas en medio de los desaf&#xED;os del per&#xED;odo de posguerra. Una joven de quince a&#xF1;os reci&#xE9;n reclutada cuya inocencia infantil se hace a&#xF1;icos en cuesti&#xF3;n de d&#xED;as, una exprostituta que anhela tener su propio burdel, una camarera dividida entre un novio suicida y un seductor motociclista. Todos los relatos conforman una mirada tierna a los sue&#xF1;os rotos de aquellas mujeres que alimentaban las fantas&#xED;as de los hombres.
Las historias aqu&#xED; reunidas sirvieron de inspiraci&#xF3;n para las pel&#xED;culas Suzaki Paradise: Barrio Rojo, de Y&#xFB;z&#xF4; Kawashima, y La calle de la verg&#xFC;enza, de Kenji Mizoguchi (ambas de 1956).</subfield>
  </datafield>
  <datafield tag="650" ind1=" " ind2="7">
    <subfield code="a">Narrativa japonesa</subfield>
    <subfield code="2">LOCAL</subfield>
    <subfield code="9">1368</subfield>
  </datafield>
  <datafield tag="655" ind1=" " ind2="0">
    <subfield code="a">Novela</subfield>
    <subfield code="9">1469</subfield>
  </datafield>
  <datafield tag="700" ind1="1" ind2=" ">
    <subfield code="a">Mizoguchi, Kenji,</subfield>
    <subfield code="d">1898-1956</subfield>
    <subfield code="9">1661</subfield>
  </datafield>
  <datafield tag="700" ind1="1" ind2=" ">
    <subfield code="a">Ogihara, Yoko</subfield>
    <subfield code="e">tr.</subfield>
    <subfield code="9">778</subfield>
  </datafield>
  <datafield tag="700" ind1="1" ind2=" ">
    <subfield code="a">Cordob&#xE9;s, Fernando</subfield>
    <subfield code="e">tr.</subfield>
    <subfield code="9">779</subfield>
  </datafield>
  <datafield tag="942" ind1=" " ind2=" ">
    <subfield code="2">ddc</subfield>
    <subfield code="c">LIBRO</subfield>
  </datafield>
  <datafield tag="952" ind1=" " ind2=" ">
    <subfield code="0">0</subfield>
    <subfield code="1">0</subfield>
    <subfield code="2">ddc</subfield>
    <subfield code="6">895_635000000000000_SH555_E_2025</subfield>
    <subfield code="7">0</subfield>
    <subfield code="8">ESPA&#xD1;OL-INGL&#xC9;S</subfield>
    <subfield code="9">1485</subfield>
    <subfield code="d">2026-05-18</subfield>
    <subfield code="e">Compra</subfield>
    <subfield code="l">0</subfield>
    <subfield code="o">895.635 SH555.E 2025</subfield>
    <subfield code="p">002941</subfield>
    <subfield code="r">2026-05-18</subfield>
    <subfield code="w">2026-05-18</subfield>
    <subfield code="y">LIBRO</subfield>
  </datafield>
  <datafield tag="999" ind1=" " ind2=" ">
    <subfield code="c">920</subfield>
    <subfield code="d">920</subfield>
  </datafield>
</record>
